<?xml version="1.0" encoding="UTF-8"?>
<marc:record xmlns:marc="http://www.loc.gov/MARC21/slim">
   <marc:leader>00000nam a2200000 a 4500</marc:leader>
   <marc:datafield ind1="1" ind2=" " tag="100">
      <marc:subfield code="a">Schmid, Sophie</marc:subfield>
      <marc:subfield code="4">ctb</marc:subfield>
      <marc:subfield code="e">Mitwirkende/-r</marc:subfield>
   </marc:datafield>
   <marc:datafield ind1="0" ind2="0" tag="245">
      <marc:subfield code="a">Im Mondlicht tanzt ein Traum</marc:subfield>
   </marc:datafield>
   <marc:datafield ind1="0" ind2="0" tag="245">
      <marc:subfield code="c">hrsg. von Senta Berger</marc:subfield>
   </marc:datafield>
   <marc:datafield ind1=" " ind2="1" tag="264">
      <marc:subfield code="a">München</marc:subfield>
      <marc:subfield code="b">cbj</marc:subfield>
      <marc:subfield code="c">2007</marc:subfield>
   </marc:datafield>
   <marc:datafield ind1=" " ind2=" " tag="250">
      <marc:subfield code="a">1. Aufl.</marc:subfield>
   </marc:datafield>
   <marc:datafield ind1="1" ind2=" " tag="520">
      <marc:subfield code="a">Angaben aus der Verlagsmeldung

Im Mondlicht tanzt ein Traum : Die schönsten Geschichten und Gedichte zur Guten Nacht

Dem Vorlesen abends auf der Bettkante kommt besondere Bedeutung zu: Stimmungsvoll soll es den Tag beschließen, die Kinder beruhigen und sie sanft ins Land der Träume wiegen. Genau das Richtige zur Schlafenszeit hält diese wundervolle Anthologie bereit. Mit Beiträgen von den Brüdern Grimm, Otfried Preußler, Paul Maar, Kirsten Boie, James Krüss, Christian Morgenstern und vielen mehr versammelt sie Klassisches wie Modernes und vor allem eines: wunderschöne Geschichten und Gedichte zur Guten Nacht und zauberhafte Begleiter ins Land der Träume.

• Zum Vorlesen, Zuhören und Sanft-ins-Land-der-Träume-gleiten
• Traumhaft schön und voller Fantasie illustriert von Sophie Schmid
• Ein herrlicher Geschenkband mit Halbleinenrücken
</marc:subfield>
   </marc:datafield>
   <marc:datafield ind1=" " ind2=" " tag="020">
      <marc:subfield code="a">9783570132869</marc:subfield>
      <marc:subfield code="9">9783570132869</marc:subfield>
   </marc:datafield>
   <marc:datafield ind1=" " ind2=" " tag="020">
      <marc:subfield code="a">3570132870</marc:subfield>
      <marc:subfield code="9">3570132870</marc:subfield>
   </marc:datafield>
   <marc:datafield ind1=" " ind2=" " tag="041">
      <marc:subfield code="a">ger</marc:subfield>
   </marc:datafield>
   <marc:datafield ind1=" " ind2=" " tag="300">
      <marc:subfield code="a">119 S.</marc:subfield>
   </marc:datafield>
</marc:record>
